| Tag |
First Indicator |
Second Indicator |
Subfields |
| LEADER |
00000cam a2200000Ia 4500 |
| 001 |
in00002811413 |
| 005 |
20190207102659.0 |
| 008 |
130218q19421958txua 001 0 eng d |
| 035 |
|
|
|a (OCoLC)ocn827950634
|
| 035 |
|
|
|a (OCoLC)827950634
|
| 040 |
|
|
|a ILU
|c ILU
|d OCLCO
|d TXA
|d UtOrBLW
|
| 043 |
|
|
|a n-us-tx
|
| 049 |
|
|
|a TXAM
|
| 090 |
|
|
|a TX715
|b F1948 1942
|
| 245 |
0 |
0 |
|a Favorite recipes /
|c compiled by Trinity Lutheran Church Choir of Fort Worth, Texas.
|
| 246 |
1 |
4 |
|a Koke bok
|
| 264 |
|
1 |
|a [Fort Worth?, Tex.] :
|b [The Church?],
|c [between 1942 and 1958]
|
| 300 |
|
|
|a 120 pages :
|b illustrations ;
|c 24 cm.
|
| 336 |
|
|
|a text
|b txt
|2 rdacontent
|
| 337 |
|
|
|a unmediated
|b n
|2 rdamedia
|
| 338 |
|
|
|a volume
|b nc
|2 rdacarrier
|
| 500 |
|
|
|a The Cushing Library/Chapman Texas Collection copy is part of the Floyd & Louise Chapman Texas & Borderlands Collection.
|5 TXA
|
| 500 |
|
|
|a Includes index.
|
| 500 |
|
|
|a Dates: Church's founding (1942) and address on page 6 (Fort Worth 7, Texas [ no zip code]).
|
| 500 |
|
|
|a The Cushing Library/Texas & Borderlands copy has inscription dated "March 1958."
|
| 500 |
|
|
|a "The Texas Cookbook Collection."
|
| 541 |
0 |
|
|a Donated by Elizabeth Borst White
|d 20130318
|
| 650 |
|
0 |
|a Cooking
|z Texas
|z Fort Worth.
|
| 650 |
|
0 |
|a Community cookbooks
|z Texas
|z Forth Worth.
|
| 710 |
2 |
|
|a Trinity Lutheran Church (Fort Worth, Tex.).
|b Choir.
|
| 948 |
|
|
|a cataloged
|b h
|c 2013/3/18
|d c
|e lschille
|f 10:47:08 am
|
| 994 |
|
|
|a C0
|b TXA
|
| 999 |
|
|
|a MARS
|
| 999 |
f |
f |
|s 955bd4f4-9820-37ef-8157-8b636ec41171
|i 3b44fbf5-3b26-32aa-a304-1da719f34df3
|t 0
|
| 952 |
f |
f |
|p noncirc
|a Texas A&M University
|b College Station
|c Cushing Memorial Library & Archives
|d Cushing: Chapman Texas Collection (Does not check out)
|t 0
|e TX715 F1948 1942
|h Library of Congress classification
|i unmediated -- volume
|
| 998 |
f |
f |
|a TX715 F1948 1942
|t 0
|l Cushing: Chapman Texas Collection (Does not check out)
|